Literatura socialistického realismu: východiska, struktury a kontexty totalitního umění : sborník příspěvků ze sympozia pořádaného Ústavem pro českou literaturu AV ČR ve spolupráci s Ústavom slovenskej literatúry SAV a Slovenským inštitútom v Praze 11. a 12. října 2006 /

Korporativní autor: Ústav pro českou literaturu (Akademie věd ČR)
Další autoři: Literatura socialistického realismu: východiska, struktury a kontexty totalitního umění (sympozium), Šámal, Petr, 1972-, Slovenská akadémia vied. Ústav slovenskej literatúry, Slovenský institut v Praze
Jazyk: Slovenština
Čeština
Vydáno: Praha : ÚČL AV ČR, 2009
Témata:
Externí odkaz: Digitalizovaný dokument
Digitalizovaný dokument (Ústav pro českou literaturu AV ČR)
Fyzický popis: 158 s. : il. ; 21 cm
Language note: Část. slovenský text
Knihy
Uloženo v:
LEADER 03092nam a2200601 a 4500
001 nkc20091962354
003 CZ PrNK
005 20251023081629.0
007 ta
008 090608s2009 xr a f 100 0 cze
015 |a cnb001962354 
020 |a 978-80-85778-64-9  |q (brož.)  |z 978-80-85778-64-5 
035 |a (OCoLC)428370659 
040 |a OLA001  |b cze  |d ABA001 
041 0 |a cze  |a slo 
043 |a et----- 
045 |a x4x8 
072 7 |a 821.09  |x Literatura v různých jazycích (o ní)  |2 Konspekt  |9 11 
080 |a 82.02(1-664)  |2 MRF 
080 |a 7.036.1(1-664)  |2 MRF 
080 |a 821(4)  |2 MRF 
080 |a 72/76(4)  |2 MRF 
080 |a (4-191.2)+(4-11)  |2 MRF 
080 |a (062.534)  |2 MRF 
111 2 |a Literatura socialistického realismu: východiska, struktury a kontexty totalitního umění (sympozium)  |d (2006 :  |c Praha, Česko)  |7 olak2009488556 
245 1 0 |a Literatura socialistického realismu: východiska, struktury a kontexty totalitního umění :  |b sborník příspěvků ze sympozia pořádaného Ústavem pro českou literaturu AV ČR ve spolupráci s Ústavom slovenskej literatúry SAV a Slovenským inštitútom v Praze 11. a 12. října 2006 /  |c k vydání připravil Petr Šámal 
260 |a Praha :  |b ÚČL AV ČR,  |c 2009 
300 |a 158 s. :  |b il. ;  |c 21 cm 
504 |a Obsahuje bibliografie a bibliografické odkazy 
546 |a Část. slovenský text 
648 7 |a 1945-1989  |7 ch460657  |2 czenas 
648 7 |a 20. století  |7 ch460558  |2 czenas 
650 0 7 |a socialistický realismus (literatura)  |7 ph125746  |z Evropa střední a východní  |2 czenas 
650 0 7 |a socialistický realismus (umění)  |7 ph125747  |z Evropa střední a východní  |2 czenas 
650 0 7 |a evropská literatura  |7 ph120062  |z Evropa střední a východní  |y 1945-1989  |2 czenas 
650 0 7 |a evropské výtvarné umění  |7 ph120080  |z Evropa střední a východní  |y 20. století  |2 czenas 
650 0 9 |a socialist realism (literature)  |z Europe Central and Eastern  |2 eczenas 
650 0 9 |a socialist realism (art)  |z Europe Central and Eastern  |2 eczenas 
650 0 9 |a European literature  |z Europe Central and Eastern  |y 1945-1989  |2 eczenas 
650 0 9 |a European art  |z Europe Central and Eastern  |y 20th century  |2 eczenas 
655 7 |a sborníky konferencí  |7 fd133333  |2 czenas 
655 9 |a proceedings of conferences  |2 eczenas 
700 1 |a Šámal, Petr,  |d 1972-  |7 js20020128002  |4 edt 
710 2 |a Ústav pro českou literaturu (Akademie věd ČR)  |7 kn20010709013 
710 2 |a Slovenská akadémia vied.  |b Ústav slovenskej literatúry  |7 kn20030530002 
710 2 |a Slovenský institut v Praze  |7 kn20050603016 
856 4 1 |u http://www.digitalniknihovna.cz/mzk/uuid/uuid:f419b360-39f3-11e6-a5c5-005056827e51  |y Digitalizovaný dokument  |x NDK 
856 4 1 |u http://www.ucl.cas.cz/edicee/data//sborniky/2009/lsr/lsr.pdf  |y Digitalizovaný dokument (Ústav pro českou literaturu AV ČR) 
910 |a BOA001  |b 2-1225.635 
990 |a BK 
995 |a 01 
991 |b 200907  |c NOV  |j 82.0 LIT 
996 6 |b 2610382701  |c 2-1225.635  |l MZK  |r Sklad / do 1 hodiny  |n 13  |p p.v.  |w 000949028  |u 000010  |a 1  |e BOA001  |j MZK50  |s P